00480cam a22001571 4500008004100000010001600041040001800057050001500075100001700090245007200107260002900179300002800208500003900236502002700275650002000302851218s1936 fr 000 0 fre  a 42043055 aDLCcICLdDLC00aBD632b.N61 aNogue, Jean.10aEssai sur l'activitâe primitive du moi ...cpar Jean Noguâe ... aParis,bF. Alcan,c1936. a3 p. l., 232 p.c22 cm. aThesis/dissertation Univ. of Paris aThese--Univ. de Paris. 0aSpace and time.